30 biggest cities and towns in Connecticut - Statistics

General Stats
  • This quiz has been taken 89 times
  • The average score is 15 of 30
Answer Stats
Population City % Correct
119,669 Hartford
99%
135,319 New Haven
96%
148,028 Bridgeport
93%
114,990 Waterbury
82%
136,226 Stamford
79%
64,083 West Hartford
75%
86,124 Danbury
73%
92,458 Norwalk
64%
63,518 Greenwich
63%
54,790 West Haven
63%
51,045 East Hartford
61%
61,601 Bristol
58%
61,512 Fairfield
57%
74,080 New Britain
52%
60,111 Meriden
51%
47,984 Middletown
51%
50,421 Milford
46%
40,125 Norwich
46%
59,713 Manchester
40%
35,515 Torrington
37%
61,169 Hamden
36%
38,411 Groton
31%
35,159 Glastonbury
28%
44,396 Wallingford
27%
40,869 Shelton
25%
42,141 Enfield
24%
43,501 Southington
24%
31,519 Naugatuck
21%
52,355 Stratford
19%
36,827 Trumbull
18%
No matching quizzes found
Score Distribution
Percent of People with Each Score
Percentile by Number Answered
Your Score History
You have not taken this quiz